Southville International School and Colleges
Your cart is empty.
  • Cart
  • Lists
    Public lists list_1 View all
    Your lists Log in to create your own lists
  • Log in to your account
  • Your cookies
  • Search history
Southville International School and Colleges
  • Advanced search
  • Recent comments
  • Most popular
  • Libraries

Log in to your account

Log in with GOOGLE


If you do not have an external account, but do have a local account, you can still log in:

  1. Home
  2. MARC view: Maisy's Twinkly Crinkly Counting book /
Normal view MARC view ISBD view

Maisy's Twinkly Crinkly Counting book / (Record no. 105597)

[ view plain ]
MARC details
000 -LEADER
fixed length control field 00543nam a2200181 a 4500
005 - DATE AND TIME OF LATEST TRANSACTION
control field 20140412111408.0
008 - FIXED-LENGTH DATA ELEMENTS--GENERAL INFORMATION
fixed length control field 061207s19uu xx 00 eng d
020 ## - INTERNATIONAL STANDARD BOOK NUMBER
International Standard Book Number 0-7445-5751-8
050 ## - LIBRARY OF CONGRESS CALL NUMBER
Classification number TR(PS E
Item number Ma28 2004
100 ## - MAIN ENTRY--PERSONAL NAME
Personal name Cousins, Lucy
245 ## - TITLE STATEMENT
Title Maisy's Twinkly Crinkly Counting book /
Statement of responsibility, etc Lucy Cousins.
260 ## - PUBLICATION, DISTRIBUTION, ETC. (IMPRINT)
Place of publication, distribution, etc London :
Name of publisher, distributor, etc Walker books,
Date of publication, distribution, etc 2004.
520 ## - SUMMARY, ETC.
Summary, etc Counting maisy is a touchy-feely fun!
650 ## - SUBJECT ADDED ENTRY--TOPICAL TERM
Topical term or geographic name as entry element Numbers-Juvenile literature
650 ## - SUBJECT ADDED ENTRY--TOPICAL TERM
Topical term or geographic name as entry element Toy and movable book
650 ## - SUBJECT ADDED ENTRY--TOPICAL TERM
Topical term or geographic name as entry element Children stories
Holdings
Withdrawn status Lost status Damaged status Use restrictions Home library Current library Shelving location Date acquired Source of acquisition Cost, normal purchase price Total Checkouts Full call number Barcode Date last seen Price effective from Koha item type
        Elizalde Library Elizalde Library Teachers Reference Section 12/07/2006   160.00   TR(PS E Ma28 2004 E10402 04/12/2014 04/12/2014 Books

Maisy's Twinkly Crinkly Counting book /

APA

Cousins L., . (2004). Maisy's Twinkly Crinkly Counting book. London: Walker books.

Chicago

Cousins Lucy, . 2004. Maisy's Twinkly Crinkly Counting book. London: Walker books.

Harvard

Cousins L., . (2004). Maisy's Twinkly Crinkly Counting book. London: Walker books.

MLA

Cousins Lucy, . Maisy's Twinkly Crinkly Counting book. London: Walker books. 2004.

  • Place hold
  • Print
  • Cite
  • Add to your cart (remove)
  • Save record
    BIBTEX Dublin Core MARCXML MARC (non-Unicode/MARC-8) MARC (Unicode/UTF-8) MARC (Unicode/UTF-8, Standard) MODS (XML) RIS
  • More searches
    Search for this title in:
    Other Libraries (WorldCat) Other Databases (Google Scholar) Online Stores (Bookfinder.com) Open Library (openlibrary.org)

Exporting to Dublin Core...

SOUTHVILLE LIBRARY

Southville International School and Colleges Library

1281 Tropical Ave. Cor. Luxembourg St., BF Homes International, Las Pinas City

Tel. No. 8256374 / 252358 Loc. 117/146

Powered by Koha